Daňový úver pokračuje

Nový zákon č. 366/1999 Z.z. o daniach z príjmov platný od 1.1. 2000 neuvažuje s daňovým zvýhodnením fyzických osôb, ktoré bolo podľa zákona č. 286/1992 Zb. o daniach z príjmov v znení neskorších predpisov uvedené v ­ 41 ods. 16. Oznámenie MF SR č. 34 upresňuje uplatňovanie niektorých ustanovení záko...

Descrizione completa

Salvato in:
Dettagli Bibliografici
Autore principale: Harumová, Anna, 1955-
Natura: Capitolo di libro
Lingua:slovacco
Soggetti:
Tags: Aggiungi Tag
Nessun Tag, puoi essere il primo ad aggiungerne!!

MARC

LEADER 00000naa a2200000 4500
001 r038050
005 20240502071334.0
041 0 |a slo 
044 |a SK 
245 1 0 |a Daňový úver pokračuje  |c Anna Harumová 
520 |a Nový zákon č. 366/1999 Z.z. o daniach z príjmov platný od 1.1. 2000 neuvažuje s daňovým zvýhodnením fyzických osôb, ktoré bolo podľa zákona č. 286/1992 Zb. o daniach z príjmov v znení neskorších predpisov uvedené v ­ 41 ods. 16. Oznámenie MF SR č. 34 upresňuje uplatňovanie niektorých ustanovení zákona č. 366/1999 Z.z. o daniach z príjmov, vrátane pokračovania v začatom daňovom úvere. 
610 2 0 |a úver daňový 
610 2 0 |a zvýhodnenie daňové 
610 2 0 |a osoby fyzické 
610 2 0 |a povinnosť daňová 
610 2 0 |a základ dane 
610 2 0 |a zákony 
610 2 0 |a Slovensko 
610 2 0 |a dane z príjmov 
100 1 |a Harumová, Anna, 1955-